banner-ar

GENERAL PSYCHOLOGY / (Record no. 13490)

MARC details
000 -الفاتح
حقل البيانات ثابتة الطول 00455nam a2200169Ia 4500
008 - عناصر البيانات ثابتة الطول - معلومات عامة
حقل البيانات ثابتة الطول 140319s9999 xx 000 0 eng d
040 ## - مصدر الفهرسة
وكالة الفهرسة الأصلية GCL /
وكالة النسخ GCL
082 04 - رقم تصنيف ديوى العشرى
رقم التصنيف 150.195
رقم المادة G G
100 1# - المدخل الرئيسى - إسم شخصى
الإسم الشخصى GARRETT, HENRY E.
245 10 - بيان العنوان
العنوان GENERAL PSYCHOLOGY /
بيان المسئوليه,etc GARRETT, HENRY E.
700 1# - المدخل الاضافى - اسم شخصى
الإسم الشخصى BONNER, HUBERT
260 ## - PUBLICATION, DISTRIBUTION, ETC. (IMPRINT)
تاريخ النشر أو التوزيع 1961
300 ## - الوصف المادى
التعداد 649 P
650 04 - المدخل الاضافى بالموضوع-مصطلح موضوعى
مصطلح موضوعي GENERAL PSYCHOLOGY
942 ## - عناصر المدخل الإضافي( كوها)
مصدر التصنيف او مخطط الترفيف Dewey Decimal Classification
Koha [default] item type كتاب
260 ## - PUBLICATION, DISTRIBUTION, ETC. (IMPRINT)
-- [S.N] :
-- EURASIA PUBLISHING HOUSE(PVT.) LTD ،
Holdings
حالة التراجع حالة الفقد حالة تلف ليس للاعارة المكان المؤقت الموقع الحالى تاريخ الاكتساب اجمالي اﻻعارات رقم الطلب الباركود تاريخ اخر مشاهدة تاريخ تفعيل السعر نوع وعاء كوها
        مكتبة القاهرة الكبرى مكتبة القاهرة الكبرى 03/26/2014   150.195\G G 25787 03/26/2014 03/26/2014 كتاب

Powered By

EGPV